UBT Library

A brief atlas of the human body / (Record no. 39242)

000 -LEADER
fixed length control field 00684cam a2200217 a 4500
001 - CONTROL NUMBER
control field 14280470
005 - DATE AND TIME OF LATEST TRANSACTION
control field 20171220082500.0
008 - FIXED-LENGTH DATA ELEMENTS--GENERAL INFORMATION
fixed length control field 060228s2007 caua 000 0 eng
010 ## - LIBRARY OF CONGRESS CONTROL NUMBER
LC control number 2006272675
020 ## - INTERNATIONAL STANDARD BOOK NUMBER
International Standard Book Number 080537373X
040 ## - CATALOGING SOURCE
Original cataloging agency DLC
Transcribing agency DLC
Modifying agency DLC
041 ## - LANGUAGE CODE
Language code of text/sound track or separate title eng
080 ## - UNIVERSAL DECIMAL CLASSIFICATION NUMBER
Universal Decimal Classification number 611.00222 MAL
082 00 - DEWEY DECIMAL CLASSIFICATION NUMBER
Classification number 611.00222 MAL
Edition number 22
100 ## - Rafti
Rafti 7
101 ## - Shkurtesa
Shkurtesa ANA
245 02 - TITLE STATEMENT
Title A brief atlas of the human body /
Statement of responsibility, etc Matt Hutchinson ... [et al.] ; photographs by Ralph T. Hutchings and Nina Zanetti.
906 ## - LOCAL DATA ELEMENT F, LDF (RLIN)
a 7
b cbc
c origcop
d 3
e ncip
f 20
g y-gencatlg
942 ## - ADDED ENTRY ELEMENTS (KOHA)
Source of classification or shelving scheme
Item type Books
Holdings
Withdrawn status Lost status Source of classification or shelving scheme Damaged status Not for loan Collection code Permanent location Current location Shelving location Date acquired Total Checkouts Full call number Barcode Date last seen Price effective from Koha item type
          Koleksioni i përgjithshem UBT - Lipjan UBT - Lipjan Koleksioni i përgjithshem 12/20/2017   611.00222 MAL 002-29715 12/20/2017 12/20/2017 Books
UBT Library © 2015-2024. All rights reserved University Education for Business and Technology